Advanced engineering mathematics with MATLAB /
This book presents mathematical techniques for applications in engineering, physics, and applied mathematics.
Сохранить в:
| Главный автор: | |
|---|---|
| Другие авторы: | , |
| Формат: | |
| Язык: | English |
| Опубликовано: |
Pacific Grove, CA :
Brooks/Cole,
2000.
|
| Редактирование: | 2nd ed. |
| Предметы: | |
| Метки: |
Добавить метку
Нет меток, Требуется 1-ая метка записи!
|
| Thư viện lưu trữ: | Mạng thư viện Đại học Đà Nẵng |
|---|
| LEADER | 01182cam a2200397 a 4500 | ||
|---|---|---|---|
| 001 | 000048995 | ||
| 003 | 8722 | ||
| 005 | 20060621102800.0 | ||
| 008 | 010321b2000 vm 000 eng | ||
| 020 | |a 0534371647 | ||
| 040 | |a IRC |c IRC |d IRC | ||
| 041 | 0 | |a eng | |
| 082 | 1 | 4 | |a 515.14028553 |b HA-T |
| 100 | 1 | |a Harman, Thomas L. | |
| 245 | 1 | 0 | |a Advanced engineering mathematics with MATLAB / |c Thomas L. Harman, James B. Dabney, Norman J. Richert. |
| 250 | |a 2nd ed. | ||
| 260 | |a Pacific Grove, CA : |b Brooks/Cole, |c 2000. | ||
| 300 | |a xxxiv, 750 p. : |b ill. ; |c 23.5 cm. | ||
| 520 | 3 | |a This book presents mathematical techniques for applications in engineering, physics, and applied mathematics. | |
| 630 | 0 | 4 | |a Matlab. |
| 630 | 0 | 4 | |a Data processing. |
| 630 | 0 | 4 | |a Engineering mathematics. |
| 650 | 0 | 4 | |a MATLAB. |
| 650 | 0 | 4 | |a Engineering mathematics |x Data processing. |
| 700 | 1 | |a Dabney, James B. | |
| 700 | 1 | |a Richrt, Norman J. | |
| OWN | |a DUT | ||
| 999 | |a From the UDN01 | ||
| TYP | |a Monograph | ||
| TYP | |a Printed language | ||
| 980 | |a Mạng thư viện Đại học Đà Nẵng | ||


